Gaming Quiz

Random Gaming or Video Games Quiz

Final Fantasy Protagonists Quiz Stats

 Plays Quiz Updated Jun 24, 2016

Challenge
Share
Tweet
Embed
Score 0/12 Timer 03:00
0 Plays Today
Game Character % Correct
Final Fantasy VIICloud Strife
96.9%
Final Fantasy XTidus
82.2%
Final Fantasy VIIISquall Leonhart
78.5%
Final Fantasy IXZidane Tribal
62.4%
Final Fantasy XIIILightning
61.1%
Final Fantasy VITerra (Tina) Bradford
55.8%
Final Fantasy IVCecil Harvey
54.8%
Final Fantasy XIIVaan
53%
Final Fantasy IWarriors of Light
42.4%
Final Fantasy VBartz (Butz) Klauser
40%
Final Fantasy IIFirion (Frioniel)
27.7%
Final Fantasy IIILuneth
18.6%

You're not logged in!

Compare scores with friends on all Sporcle quizzes.
OR
Log In

You Might Also Like...

Show Comments

Extras

Top Quizzes Today


Score Distribution

Your Account Isn't Verified!

In order to create a playlist on Sporcle, you need to verify the email address you used during registration. Go to your Sporcle Settings to finish the process.

Report this User

Report this user for behavior that violates our Community Guidelines.

Details: